| 000 | 00786cab a2200229 4500 | ||
|---|---|---|---|
| 001 | ABS44114 | ||
| 008 | 090401t1991 xxu||||| |||| 00| 0 eng d | ||
| 035 | _a(Sirsi) u45405 | ||
| 041 | _aeng | ||
| 100 | _aButler, J.H. | ||
| 245 | _aAlterations : impact at review | ||
| 260 | _c1991 | ||
| 350 | _a0 | ||
| 490 |
_aEstates Gazette _v(9107) 23 February 1991, 129-143(2) |
||
| 520 | _aDiscusses case law which highlights the possible valuation implications of tenants` alterations or repairs and the implications of the tenants ability to carry out alterations being impaired by the lease terms . | ||
| 650 | _aMIRZA V NICOLA | ||
| 650 | _aONEROUS TERMS | ||
| 650 | _aTAYLOR V VECTAPIKE LTD | ||
| 690 | _aLANDLORD AND TENANT-RENT REVIEWS | ||
| 942 | _n0 | ||
| 948 | _c04/03/1997 | ||
| 999 |
_c28819 _d28819 |
||